000 00565nam a22001937a 4500
003 OSt
005 20141105110237.0
008 130129t xxu||||| |||| 00| 0 eng d
020 _a9710868594
050 _aKPM 28
_b.Si11 2007
082 _a KPM28 .Si11 2007
245 _aLegal forms in English and Pilipino with brief dictionary of legal terms. / Norma Chonglo Sia
_c Norma Chonglo Sia
260 _aMandaluyong City
_bNational Book Store
_c2007
300 _a197 p.
_c22 cm
526 _c1210L-1700L
562 _e1
942 _2lcc
_cBK
_kFIL
999 _c17289
_d17289